Loading...

Courtship,marriage and family;American style /

Bibliographic Details
Main Author: Dyer, Everett D
Other Authors: Bonjean, Charles M (Editor)
Format: Printed Book
Language:English
Published: USA : The Dorsey Press, 1983
LEADER 00470nam a2200133Ia 4500
008 160726s9999 xx 000 0 eng d
020 |a 139355286 
100 |a Dyer, Everett D 
245 |a Courtship,marriage and family;American style /  |c by Everett D Dyer 
260 |a USA :  |b The Dorsey Press,  |c 1983 
700 |a Bonjean, Charles M  |e editor. 
942 |c BK 
999 |c 254109  |d 254109 
952 |0 0  |1 0  |4 0  |7 0  |9 282808  |a PSY  |b PSY  |c ST1  |d 2016-07-26  |i 2860  |l 0  |p PSY2860  |r 2016-07-26  |w 2016-07-26  |y BK